00788cam a2200229Ia 450000500170000000800410001702000180005802000180007603500210009404000500011504100080016510000180017324500730019126000710026430000380033550400530037365000210042665000330044765000380048065000230051870000170054120150527081105.0150527s2004 xxya frb 001 0 eng d a9789221137184 a9781588262615 a(OCoLC)560486207 aCO-BoUCMbspacJose A. GerenadJose A. Gerena0 aeng1 aBrett, Rachel10aYoung soldiersbwhy they choose to fight cRachel Brett, Irma Specht aBoulder (Colorado, Estados Unidos)bLynne Rienner Publishersc2004 axvi, 192 páginasbilustraciones aIncluye referencias bibliográficas e índices 7aCiencia militar  7aSoldados xAspectos sociales 7aReclutamiento xAspectos sociales 7aHombres jóvenes 1 aSpecht, Irma